Elections in India: data handbook on Lok Sabha Elections 1952-80 (Record no. 549)

MARC details
000 -LEADER
fixed length control field 00521nam a2200169Ia 4500
020 ## - INTERNATIONAL STANDARD BOOK NUMBER
ISBN 0-8039-9483-4
082 ## - DEWEY DECIMAL CLASSIFICATION NUMBER
Classification number RR 324.954 SIN-E
100 ## - MAIN ENTRY--AUTHOR NAME
Personal name Singh, V.B.
245 #0 - TITLE STATEMENT
Title Elections in India: data handbook on Lok Sabha Elections 1952-80
260 ## - PUBLICATION, DISTRIBUTION, ETC. (IMPRINT)
Place of publication New Delhi
Name of publisher Sage Publications
Year of publication 1984
300 ## - PHYSICAL DESCRIPTION
Number of Pages 642p.
504 ## - BIBLIOGRAPHY, ETC. NOTE
Bibliography, etc ref
650 ## - SUBJECT ADDED ENTRY--TOPICAL TERM
Topical Term India
650 ## - SUBJECT ADDED ENTRY--TOPICAL TERM
Topical Term Elections - Statistics - India - 1952-80 - Lok Sabha - Elections - xStatistics - Elections - Handbooks, manuals, etc
700 ## - ADDED ENTRY--PERSONAL NAME
Personal name Bose, Shankar
942 ## - ADDED ENTRY ELEMENTS (KOHA)
Koha item type Books
Holdings
Withdrawn status Lost status Damaged status Not for loan Home library Current library Date acquired Bill Date Full call number Accession Number Price effective from Koha item type
        NASSDOC Library NASSDOC Library 08/06/2004 2004-10-22 RR 324.954 SIN-E 17225 18/04/2019 Books